Home Science - XI (Record no. 1156)

MARC details
000 -LEADER
fixed length control field 00229nam a22000857a 4500
003 - CONTROL NUMBER IDENTIFIER
control field OSt
005 - DATE AND TIME OF LATEST TRANSACTION
control field 20171113140519.0
008 - FIXED-LENGTH DATA ELEMENTS--GENERAL INFORMATION
fixed length control field 160629b xxu||||| |||| 00| 0 eng d
020 ## - INTERNATIONAL STANDARD BOOK NUMBER
International Standard Book Number 9788170633099
040 ## - CATALOGING SOURCE
Transcribing agency HOME SCIENCE
100 ## - MAIN ENTRY--PERSONAL NAME
9 (RLIN) 1398
Personal name Das, A., et al
245 ## - TITLE STATEMENT
Title Home Science - XI
260 ## - PUBLICATION, DISTRIBUTION, ETC. (IMPRINT)
Place of publication, distribution, etc. New Delhi
Name of publisher, distributor, etc. Arya Publication
Date of publication, distribution, etc. 2005
942 ## - ADDED ENTRY ELEMENTS (KOHA)
Source of classification or shelving scheme Dewey Decimal Classification
Koha item type Reference
Holdings
Withdrawn status Lost status Source of classification or shelving scheme Damaged status Not for loan Home library Current library Shelving location Date acquired Total Checkouts Full call number Barcode Date last seen Date last checked out Price effective from Koha item type
    Dewey Decimal Classification     Good Samaritan School Library Good Samaritan School Library Home Science 06/29/2016 2 DAS648 C-6 DAS2078 10/03/2016 09/20/2016 06/29/2016 Reference

Powered by Koha